[Event "Sautron op 18th"]
[Site "Sautron "]
[Date "2018.10.20"]
[Round "2.12"]
[White "Navrotescu, Catalin"]
[Black "Davy, Bruno"]
[Result "1-0"]
[WhiteElo "2359"]
[BlackElo "1864"]
[PlyCount "27"]
[EventDate "2018.10.20"]
[EventType "swiss"]
[EventRounds "9"]
[EventCountry "FRA"]
[SourceTitle "EXT 2021"]
[Source "ChessBase"]
[SourceDate "2020.10.23"]
[SourceVersion "1"]
[SourceVersionDate "2020.10.23"]
[SourceQuality "1"]

1. d4 d5 2. Bf4 Nf6 3. e3 Bf5 4. c4 c6 5. Nc3 e6 6. Qb3 Qb6 7. c5 Qxb3 8. axb3 Nbd7 9. b4 Be7 10. b5 0-0 11. bxc6 bxc6 12. Nf3 Nh5 13. Be5 Bg4 14. Be2 1-0

[Event "Sautron op 15th"]
[Site "Sautron"]
[Date "2015.10.27"]
[Round "5.7"]
[White "Davy, Bruno"]
[Black "Stany, George Anthony"]
[Result "0-1"]
[WhiteElo "1843"]
[BlackElo "2385"]
[PlyCount "70"]
[EventDate "2015.10.24"]
[EventType "swiss"]
[EventRounds "9"]
[EventCountry "FRA"]
[SourceTitle "CBM 169 Extra"]
[Source "ChessBase"]
[SourceDate "2015.12.18"]
[SourceVersion "1"]
[SourceVersionDate "2015.12.18"]
[SourceQuality "1"]

1. e4 c5 2. Nc3 Nc6 3. g3 g6 4. Bg2 Bg7 5. d3 d6 6. Be3 e5 7. Qd2 Nd4 8. Nce2 Ne7 9. c3 Ndc6 10. Bh6 0-0 11. h4 f6 12. Bxg7 Kxg7 13. h5 g5 14. c4 Be6 15. f3 a6 16. Bh3 Bf7 17. f4 h6 18. fxg5 fxg5 19. Bg4 b5 20. b3 bxc4 21. dxc4 Nd4 22. Nxd4 exd4 23. Nf3 Nc6 24. Bf5 Ne7 25. g4 Nxf5 26. exf5 Re8+ 27. Kf2 Re4 28. Rhg1 d5 29. Rae1 Rf4 30. Re5 Qd6 31. Rge1 dxc4 32. Kg3 Bd5 33. Re7+ Kg8 34. Nxg5 Rf3+ 35. Kh4 Qg3# 0-1

[Event "Sautron op 14th"]
[Site "Sautron"]
[Date "2014.10.26"]
[Round "6"]
[White "Davy, Bruno"]
[Black "Locci, Damiano"]
[Result "0-1"]
[WhiteElo "1883"]
[BlackElo "2131"]
[PlyCount "74"]
[EventDate "2014.10.26"]
[EventType "swiss"]
[EventRounds "9"]
[EventCountry "FRA"]
[SourceTitle "EXT 2016"]
[Source "ChessBase"]
[SourceDate "2015.10.08"]
[SourceVersion "1"]
[SourceVersionDate "2015.10.08"]
[SourceQuality "1"]

1. d4 d5 2. Nf3 Nc6 3. c4 Bg4 4. cxd5 Bxf3 5. gxf3 Qxd5 6. e3 e5 7. Nc3 Bb4 8. Bd2 Bxc3 9. bxc3 Qd6 10. Qb3 b6 11. d5 Nb8 12. Bb5+ Nd7 13. c4 a5 14. Rg1 g6 15. f4 Ngf6 16. Bc3 0-0 17. Bxd7 Nxd7 18. f5 Nc5 19. Qc2 e4 20. 0-0-0 Nd3+ 21. Rxd3 exd3 22. Qxd3 Qxh2 23. Qf1 Qh5 24. Qd3 Rae8 25. fxg6 fxg6 26. Qd4 Re7 27. Qh8+ Kf7 28. Qf6+ Ke8 29. Qc6+ Rd7 30. Bf6 Qf5 31. Bh4 Qe5 32. Rg4 Qa1+ 33. Kd2 Qxa2+ 34. Ke1 Qb1+ 35. Ke2 Qc2+ 36. Kf1 Qd1+ 37. Kg2 Qxg4+ 0-1

[Event "Sautron op 14th"]
[Site "Sautron"]
[Date "2014.10.26"]
[Round "8"]
[White "Guedon, Stephane"]
[Black "Davy, Bruno"]
[Result "1-0"]
[WhiteElo "2214"]
[BlackElo "1883"]
[PlyCount "57"]
[EventDate "2014.10.26"]
[EventType "swiss"]
[EventRounds "9"]
[EventCountry "FRA"]
[SourceTitle "EXT 2016"]
[Source "ChessBase"]
[SourceDate "2015.10.08"]
[SourceVersion "1"]
[SourceVersionDate "2015.10.08"]
[SourceQuality "1"]

1. e4 d6 2. d4 Nf6 3. Nc3 Nbd7 4. Nf3 e5 5. g3 c6 6. a4 a5 7. Bg2 Be7 8. 0-0 Qc7 9. h3 0-0 10. Be3 Re8 11. Nd2 b6 12. f4 Ba6 13. Re1 Rac8 14. Qf3 Bf8 15. g4 exf4 16. Bxf4 g6 17. Nb3 Bg7 18. Qg3 Bf8 19. e5 dxe5 20. dxe5 g5 21. Bxg5 Rxe5 22. Rxe5 Bd6 23. Bxf6 Nxf6 24. Rg5+ Kh8 25. Qf2 Bh2+ 26. Kh1 Be5 27. Re1 Bxc3 28. bxc3 Rd8 29. Qxf6# 1-0

[Event "Avoine op 29th"]
[Site "Avoine"]
[Date "2014.07.24"]
[Round "6"]
[White "Henno, Francois"]
[Black "Davy, Bruno"]
[Result "1-0"]
[WhiteElo "2004"]
[BlackElo "1803"]
[PlyCount "109"]
[EventDate "2014.07.19"]
[EventType "swiss"]
[EventRounds "9"]
[EventCountry "FRA"]
[SourceTitle "CBM 161 Extra"]
[Source "ChessBase"]
[SourceDate "2014.08.29"]
[SourceVersion "1"]
[SourceVersionDate "2014.08.29"]
[SourceQuality "1"]

1. e4 c5 2. Nf3 e6 3. g3 d5 4. exd5 exd5 5. d4 Nc6 6. Bg2 Nf6 7. 0-0 Be6 8. Bg5 Be7 9. dxc5 h6 10. Be3 Ne4 11. Nd4 Nxd4 12. Bxd4 0-0 13. b4 a5 14. c3 axb4 15. cxb4 b5 16. cxb6 Bxb4 17. a4 Ba5 18. Na3 Bxb6 19. Nb5 f5 20. f4 Bd7 21. Kh1 Bc6 22. Qd3 h5 23. Qe3 Bxd4 24. Nxd4 Bxa4 25. Ne6 Qd7 26. Nxf8 Rxf8 27. Qd4 Bc6 28. Ra7 Bb7 29. Rb1 Nd6 30. Bxd5+ Rf7 31. Raxb7 Nxb7 32. Rxb7 Qxb7 33. Bxb7 Rxb7 34. Qd8+ Kh7 35. Qd5 Rb1+ 36. Kg2 g6 37. Qf7+ Kh6 38. Qg8 Rb7 39. Qh8+ Rh7 40. Qf6 Rb7 41. Kf2 Kh7 42. Ke3 Rd7 43. Qe6 Rb7 44. Kd4 Ra7 45. Ke5 Kg7 46. Qf6+ Kh7 47. Qb6 Rf7 48. Qd8 Kg7 49. Ke6 Rb7 50. Qd4+ Kh7 51. Kf6 Rg7 52. Kg5 Rg8 53. Qd7+ Rg7 54. Qe8 Rg8 55. Qxg8+ 1-0

[Event "Sautron op 13th"]
[Site "Sautron"]
[Date "2013.10.??"]
[Round "6"]
[White "Davy, Bruno"]
[Black "Normand, Vincent"]
[Result "0-1"]
[WhiteElo "1782"]
[BlackElo "2076"]
[PlyCount "52"]
[EventDate "2013.10.26"]
[EventType "swiss"]
[EventRounds "9"]
[EventCountry "FRA"]
[SourceTitle "EXT 2016"]
[Source "ChessBase"]
[SourceDate "2015.10.08"]
[SourceVersion "1"]
[SourceVersionDate "2015.10.08"]
[SourceQuality "1"]

1. e4 d5 2. exd5 Nf6 3. d4 Qxd5 4. Nc3 Qd6 5. Nf3 a6 6. Bd3 Bg4 7. Ne4 Nxe4 8. Bxe4 c6 9. h3 Bh5 10. c3 Bg6 11. Ng5 Bxe4 12. Nxe4 Qg6 13. Qg4 Nd7 14. 0-0 Qxg4 15. hxg4 Nf6 16. Nxf6+ gxf6 17. Bf4 e6 18. g5 f5 19. Be5 Rg8 20. f4 h6 21. gxh6 Bxh6 22. Bf6 Rg4 23. Bg5 Bxg5 24. fxg5 Ke7 25. Rae1 Rg8 26. Rxf5 Rg6 0-1

[Event "Rohde op 12th"]
[Site "Sautron"]
[Date "2012.11.??"]
[Round "6"]
[White "Davy, Bruno"]
[Black "Navrotescu, Andreea Cristiana"]
[Result "1-0"]
[WhiteElo "1862"]
[BlackElo "2133"]
[PlyCount "37"]
[EventDate "2012.10.27"]
[EventType "swiss"]
[EventRounds "9"]
[EventCountry "FRA"]
[SourceTitle "EXT 2014"]
[Source "ChessBase"]
[SourceDate "2013.11.20"]
[SourceVersion "1"]
[SourceVersionDate "2013.11.20"]
[SourceQuality "1"]

1. e4 c5 2. Nc3 a6 3. g3 b5 4. Bg2 Bb7 5. Nge2 e6 6. d3 b4 7. Nb1 d5 8. exd5 exd5 9. d4 c4 10. c3 Nf6 11. Bg5 Nbd7 12. 0-0 bxc3 13. Nbxc3 Bd6 14. Nxd5 Rb8 15. Bxf6 gxf6 16. Qa4 0-0 17. Qxd7 Bxd5 18. Qxd8 Rfxd8 19. Bxd5 1-0

[Event "Rohde op 10th"]
[Site "Sautron"]
[Date "2010.10.28"]
[Round "7"]
[White "Monroy, Charles"]
[Black "Davy, Bruno"]
[Result "1-0"]
[WhiteElo "2431"]
[BlackElo "1936"]
[PlyCount "47"]
[EventDate "2010.10.23"]
[EventType "swiss"]
[EventRounds "9"]
[EventCountry "FRA"]
[SourceTitle "EXT 2012"]
[Source "ChessBase"]
[SourceDate "2011.11.24"]
[SourceVersion "1"]
[SourceVersionDate "2011.11.24"]
[SourceQuality "1"]

1. Nf3 Nf6 2. c4 d6 3. d4 g6 4. Nc3 Bg7 5. e4 0-0 6. h3 e5 7. d5 a5 8. Bg5 h6 9. Be3 Nfd7 10. g4 Na6 11. Rg1 Ndc5 12. Nd2 Kh7 13. a3 f5 14. exf5 gxf5 15. Qc2 Qe8 16. 0-0-0 Qg6 17. f3 Bd7 18. Be2 a4 19. Rg2 e4 20. f4 Rh8 21. Rdg1 Qe8 22. g5 hxg5 23. Rxg5 Qe7 24. Rxg7+ 1-0

[Event "Avoine op 25th"]
[Site "Avoine"]
[Date "2010.07.21"]
[Round "5"]
[White "Sanduleac, Vasile"]
[Black "Davy, Bruno"]
[Result "1-0"]
[WhiteElo "2451"]
[BlackElo "1935"]
[PlyCount "49"]
[EventDate "2010.07.17"]
[EventType "swiss"]
[EventRounds "9"]
[EventCountry "FRA"]
[SourceTitle "EXT 2011"]
[Source "ChessBase"]
[SourceDate "2010.11.26"]
[SourceVersion "1"]
[SourceVersionDate "2010.11.26"]
[SourceQuality "1"]

1. e4 e5 2. Nf3 Nc6 3. Bc4 Nf6 4. d3 Bc5 5. c3 a6 6. Bb3 d6 7. Nbd2 0-0 8. h3 Nh5 9. Nc4 Qf6 10. g3 Be6 11. Ne3 Bxb3 12. axb3 g6 13. Nd5 Qd8 14. b4 Ba7 15. Bh6 Ne7 16. Bxf8 Kxf8 17. Nxe7 Qxe7 18. Qe2 Qe6 19. Nd2 d5 20. exd5 Qxd5 21. Qe4 Qd6 22. Nc4 Qf6 23. Rf1 Qd8 24. 0-0-0 f6 25. Qxb7 1-0

[Event "Angers op 5th"]
[Site "Angers"]
[Date "2010.04.24"]
[Round "3"]
[White "Davy, Bruno"]
[Black "Le Coz, Yannick"]
[Result "1-0"]
[WhiteElo "1954"]
[BlackElo "1688"]
[PlyCount "77"]
[EventDate "2010.04.23"]
[EventType "swiss"]
[EventRounds "6"]
[EventCountry "FRA"]
[SourceTitle "EXT 2011"]
[Source "ChessBase"]
[SourceDate "2010.11.26"]
[SourceVersion "1"]
[SourceVersionDate "2010.11.26"]
[SourceQuality "1"]

1. d4 Nf6 2. c4 e5 3. e3 Bb4+ 4. Bd2 Qe7 5. dxe5 Bxd2+ 6. Qxd2 Qxe5 7. Nf3 Qe7 8. Nc3 0-0 9. Nd5 Nxd5 10. cxd5 d6 11. Bd3 Bg4 12. Rc1 Rc8 13. Nd4 Bd7 14. 0-0 c5 15. dxc6 bxc6 16. Bf5 c5 17. Bxd7 Qxd7 18. Nf3 Qe7 19. Rfd1 Rc6 20. Qd5 Qe8 21. Rc4 Na6 22. Re4 Qd7 23. Ne5 Nc7 24. Qxc6 Qxc6 25. Nxc6 d5 26. Ne7+ Kf8 27. Nxd5 Ne6 28. Rxe6 fxe6 29. Nc7 Rb8 30. Rd8+ Rxd8 31. Nxe6+ Ke7 32. Nxd8 Kxd8 33. f4 Kd7 34. e4 g6 35. b3 h6 36. Kf2 a5 37. Ke3 a4 38. bxa4 Kc6 39. Kd3 1-0

[Event "Angers op 5th"]
[Site "Angers"]
[Date "2010.04.24"]
[Round "4"]
[White "Fernandez, Clement"]
[Black "Davy, Bruno"]
[Result "0-1"]
[WhiteElo "1712"]
[BlackElo "1954"]
[PlyCount "104"]
[EventDate "2010.04.23"]
[EventType "swiss"]
[EventRounds "6"]
[EventCountry "FRA"]
[SourceTitle "EXT 2011"]
[Source "ChessBase"]
[SourceDate "2010.11.26"]
[SourceVersion "1"]
[SourceVersionDate "2010.11.26"]
[SourceQuality "1"]

1. d4 d5 2. Nf3 Nf6 3. c4 e6 4. Nc3 c6 5. e3 Be7 6. Bd3 Nbd7 7. 0-0 0-0 8. e4 dxe4 9. Nxe4 Nxe4 10. Bxe4 Nf6 11. Bc2 c5 12. Bg5 cxd4 13. Qd3 g6 14. Ne5 Nd7 15. Bxe7 Nxe5 16. Qe4 Qxe7 17. Qxe5 Rd8 18. Rad1 f6 19. Qg3 e5 20. h4 f5 21. Rfe1 e4 22. Bb3 Kg7 23. c5 Qf6 24. Rc1 Rd7 25. Ba4 Re7 26. Red1 Bd7 27. Bxd7 Rxd7 28. b4 Rc8 29. a4 d3 30. Qf4 Rdc7 31. Qd2 Qxh4 32. Qc3+ Qf6 33. Qc4 Qe5 34. g3 a5 35. Qb5 axb4 36. Qxb4 Rxc5 37. Rxc5 Rxc5 38. Qxb7+ Rc7 39. Qb6 Qc5 40. a5 Qxb6 41. axb6 Rb7 42. Rb1 Kf6 43. Kf1 Ke5 44. Ke1 Kd5 45. Kd2 Kc6 46. Ke3 Rxb6 47. Rh1 Rb7 48. f3 Kd5 49. g4 Ke5 50. f4+ Kd5 51. gxf5 Rb2 52. Re1 gxf5 0-1

[Event "Avoine op 24th"]
[Site "Avoine"]
[Date "2009.07.20"]
[Round "3"]
[White "Marie, Maxime"]
[Black "Davy, Bruno"]
[Result "1-0"]
[WhiteElo "2231"]
[BlackElo "1964"]
[PlyCount "33"]
[EventDate "2009.07.18"]
[EventType "swiss"]
[EventRounds "9"]
[EventCountry "FRA"]
[SourceTitle "CBM 131 Extra"]
[Source "ChessBase"]
[SourceDate "2009.09.03"]
[SourceVersion "2"]
[SourceVersionDate "2009.09.16"]
[SourceQuality "1"]

1. c4 Nf6 2. Nc3 e5 3. g3 c6 4. Bg2 d6 5. d4 Qc7 6. Nf3 e4 7. Ng5 d5 8. cxd5 cxd5 9. Qb3 Nc6 10. Nxd5 Nxd5 11. Qxd5 Bb4+ 12. Kf1 h6 13. Qxe4+ Kf8 14. d5 Qd6 15. Bf4 Qf6 16. Nh7+ Rxh7 17. dxc6 1-0

[Event "Angers op 4th"]
[Site "Angers"]
[Date "2009.04.19"]
[Round "6"]
[White "Mahe, Romain"]
[Black "Davy, Bruno"]
[Result "1-0"]
[WhiteElo "1993"]
[BlackElo "1958"]
[PlyCount "95"]
[EventDate "2009.04.17"]
[EventType "swiss"]
[EventRounds "6"]
[EventCountry "FRA"]
[SourceTitle "CBM 129 Extra"]
[Source "ChessBase"]
[SourceDate "2009.05.05"]
[SourceVersion "2"]
[SourceVersionDate "2009.05.20"]
[SourceQuality "1"]

1. e4 e5 2. Bc4 Nf6 3. Nf3 Nc6 4. Ng5 d5 5. exd5 Na5 6. Bb5+ c6 7. dxc6 bxc6 8. Be2 h6 9. Nf3 e4 10. Ne5 Qd4 11. f4 Bc5 12. Rf1 Bd6 13. c3 Qb6 14. d4 Ba6 15. Nd2 0-0 16. Qc2 Nb7 17. Ndc4 Qc7 18. Be3 Bxc4 19. Bxc4 Na5 20. Be2 Nd5 21. Bg1 Kh8 22. Bh5 Bxe5 23. fxe5 Qe7 24. g3 Nc4 25. Qe2 Ncb6 26. Bg4 Rab8 27. a4 Nd7 28. Bf5 c5 29. Bxe4 Nc7 30. Bd3 cxd4 31. Qe4 f5 32. Rxf5 Rxf5 33. Qxf5 Qxe5+ 34. Qxe5 Nxe5 35. 0-0-0 dxc3 36. bxc3 Nxd3+ 37. Rxd3 Ne6 38. Rd7 a5 39. Ra7 Rf8 40. Kc2 Rf5 41. Bb6 Rh5 42. h4 Rf5 43. Rxa5 Rf3 44. Ra8+ Kh7 45. a5 Rxg3 46. a6 Rg4 47. a7 Ra4 48. Rc8 1-0

[Event "Angers op 4th"]
[Site "Angers"]
[Date "2009.04.17"]
[Round "1"]
[White "Davy, Bruno"]
[Black "Rivet, Bertrand"]
[Result "1-0"]
[WhiteElo "1958"]
[BlackElo "1775"]
[PlyCount "55"]
[EventDate "2009.04.17"]
[EventType "swiss"]
[EventRounds "6"]
[EventCountry "FRA"]
[SourceTitle "CBM 129 Extra"]
[Source "ChessBase"]
[SourceDate "2009.05.05"]
[SourceVersion "2"]
[SourceVersionDate "2009.05.20"]
[SourceQuality "1"]

1. d4 e6 2. c4 f5 3. Nc3 Nf6 4. Bg5 Be7 5. e3 0-0 6. Bd3 d5 7. Qb3 c6 8. Rc1 Kh8 9. Nge2 Qe8 10. cxd5 exd5 11. Ng3 h6 12. Bxf6 Rxf6 13. Qc2 f4 14. Nf1 fxe3 15. Nxe3 Be6 16. 0-0 Nd7 17. Rfe1 Qf7 18. Qe2 Bd6 19. g3 Rf3 20. Nf5 Rxf5 21. Qxe6 Qxe6 22. Rxe6 Rf6 23. Rce1 Raf8 24. f4 Bb4 25. a3 Bxc3 26. bxc3 Nb6 27. Re7 R6f7 28. Rxf7 1-0